New exhibition stands

Salvato in:
Dettagli Bibliografici
Natura: Libro
Lingua:inglese
Pubblicazione: Barcelona : Carles Broto, 2004
Tags: Aggiungi Tag
Nessun Tag, puoi essere il primo ad aggiungerne!!

MARC

LEADER 00000nam a22000003a 4500
001 stu246761
005 20150408182435.1
008 120522s2004----sp------------------eng-d
020 |a 84-96263-16-9 
040 |a STU  |b slo 
041 0 |a eng 
044 |a sp 
245 |a New exhibition stands 
260 |a Barcelona :  |b Carles Broto,  |c 2004 
300 |a 179 s 
996 |b 284V032406  |c V*51568/O-23041  |l VVT  |s A  |a 24  |w stu246761_0001